Ennstal Oberösterreich - Statistiken

Allgemein
  • Dieses Quiz wurde 35 mal gespielt
  • Das Durchschnittsergebnis liegt bei 4 aus 6
Answers on the Grid
Answers color-coded by a green-red scale on the quiz's grid according to % correct below.
Großraming
Reichraming
Sierning
Ternberg
Amstetten
Ulm
Kleinraming
Losenstein
Weyer
Urfahr
Vöcklabruck
Gaflenz
 
Antwortstatistiken
Antwort % Korrekt
Großraming
84%
Reichraming
72%
Losenstein
60%
Weyer
60%
Ternberg
56%
Gaflenz
40%
Keine übereinstimmenden Quizze gefunden
Verteilung der Resultate
Anzahl Personen mit jedem Resultat
Perzentil nach korrekt beantworteten Fragen
Ihre Resultats-Entwicklung
Sie haben dieses Quiz noch nicht gespielt